000
00257nam a22001217a 4500
008
170411b xxu||||| |||| 00| 0 eng d
041
_a
eng
080
_2
8TH
_a
612.39
100
_a
9
101
_a
SHM
245
_a
NUTRITION
_c
BOWMAN, B.A
942
_2
udc
_c
BK
999
_c
10404
_d
10404